000
00317nam a2200121Ia 4500
020
_a
9788175960183
100
_a
Parel J. Anthony
245
0
_a
Gandhi : Hind Swaraj & Other Writings
264
_b
Cambridge University
_c
2000
300
_a
285
942
_c
IR
999
_c
120670
_d
120670